000 00561nam a22001937a 4500
005 20160810121938.0
010 _aENG-115700
020 _a9788120353438
_c425.00
035 _aEN-99232
037 _bDBAD/PUB
082 _a627
100 _aGoyal,Manish Kumar
245 _aEngineering hydrology /
_cby Manish Kumar Goyal
260 _aDelhi
_bPHI Learning
_c2016
270 _aRimjhim House,111,Patparganj Industrial Estate
_bDelhi
_e110092
300 _axi,335p.
_c24cm(pbk)
500 _aIncludes index
942 _2ddc
_cEN
_h627
_mGOY
999 _c102083
_d102083